[Event "Brasilia Oeste op"]
[Site "Brasilia"]
[Date "2012.10.14"]
[Round "6"]
[White "Da Silva, Alexandre Mota"]
[Black "Faria, Fillipe Marinho"]
[Result "0-1"]
[WhiteElo "1824"]
[BlackElo "2078"]
[PlyCount "88"]
[EventDate "2012.10.11"]
[EventType "swiss"]
[EventRounds "7"]
[EventCountry "BRA"]
[SourceTitle "EXT 2013"]
[Source "ChessBase"]
[SourceDate "2012.11.22"]
[SourceVersion "1"]
[SourceVersionDate "2012.11.22"]
[SourceQuality "1"]

1. d4 d5 2. Nf3 Nf6 3. c4 c6 4. Bf4 dxc4 5. a4 c5 6. Nc3 e6 7. e3 Nc6 8. Nb5 Nd5 9. Bg3 a6 10. Nc3 cxd4 11. exd4 Bb4 12. Qc2 Qa5 13. Rc1 b5 14. axb5 axb5 15. Be2 0-0 16. 0-0 Qb6 17. Rfd1 Nce7 18. Ng5 g6 19. Bf3 Bxc3 20. bxc3 h6 21. Ne4 f5 22. Nc5 f4 23. Bh4 g5 24. Bxg5 hxg5 25. Ne4 e5 26. Nxg5 Bf5 27. Qe2 Qg6 28. h4 e4 29. Nxe4 Bxe4 30. Bxe4 f3 31. Bxf3 Rae8 32. Re1 Nf4 33. Qe5 Nd3 34. Bd5+ Kh7 35. Qc7 Nxe1 36. Rxe1 Qf6 37. f3 Kh8 38. Re5 Nf5 39. g4 Re7 40. Qc5 Rxe5 41. dxe5 Qg7 42. h5 Qe7 43. Qxb5 Qxe5 44. Bxc4 Qxc3 0-1

[Event "Brasilia Oeste op"]
[Site "Brasilia"]
[Date "2012.10.13"]
[Round "5"]
[White "Sa, Antonio Villar Marq"]
[Black "Da Silva, Alexandre Mota"]
[Result "1-0"]
[WhiteElo "1996"]
[BlackElo "1824"]
[PlyCount "43"]
[EventDate "2012.10.11"]
[EventType "swiss"]
[EventRounds "7"]
[EventCountry "BRA"]
[SourceTitle "EXT 2013"]
[Source "ChessBase"]
[SourceDate "2012.11.22"]
[SourceVersion "1"]
[SourceVersionDate "2012.11.22"]
[SourceQuality "1"]

1. e4 c5 2. Nf3 Nc6 3. d4 cxd4 4. Nxd4 d6 5. c4 Nf6 6. Nc3 e6 7. Be3 a6 8. Be2 g6 9. Qd2 Bg7 10. Rd1 Ne7 11. Bh6 0-0 12. h4 Qb6 13. Bxg7 Kxg7 14. h5 e5 15. Nb3 Bg4 16. f3 Nxh5 17. fxg4 Nf4 18. Bf3 g5 19. g3 Ne6 20. Nd5 Qd8 21. Qh2 Nxd5 22. Qh6+ 1-0

[Event "Anapolis Interior-ch"]
[Site "Anapolis"]
[Date "2012.08.05"]
[Round "5"]
[White "Da Silva, Alexandre Mota"]
[Black "Franca, Jairo"]
[Result "1/2-1/2"]
[WhiteElo "1823"]
[BlackElo "1795"]
[PlyCount "144"]
[EventDate "2012.08.03"]
[EventType "swiss"]
[EventRounds "6"]
[EventCountry "BRA"]
[SourceTitle "EXT 2014"]
[Source "ChessBase"]
[SourceDate "2013.11.20"]
[SourceVersion "1"]
[SourceVersionDate "2013.11.20"]
[SourceQuality "1"]

1. d4 g6 2. c4 Bg7 3. Nf3 d6 4. Nc3 Nf6 5. Bg5 0-0 6. e4 Bg4 7. Be2 Re8 8. h3 Bxf3 9. Bxf3 c6 10. Qb3 Qc7 11. 0-0 Nbd7 12. Rac1 Rab8 13. Be2 Qa5 14. Be3 Qc7 15. f4 e5 16. dxe5 dxe5 17. f5 b6 18. fxg6 fxg6 19. Rcd1 Nc5 20. Qc2 Ne6 21. Rd2 Rbd8 22. Rfd1 Rxd2 23. Rxd2 Rd8 24. b4 Nd4 25. Qd1 Nxe2+ 26. Qxe2 Rd7 27. b5 c5 28. Bg5 Rxd2 29. Qxd2 Qd7 30. Qxd7 Nxd7 31. Nd5 Kf7 32. Kf2 h6 33. Bd8 Ke8 34. Bc7 g5 35. g4 Bh8 36. Kf3 Bg7 37. Ne3 Bf8 38. Nf5 Kf7 39. Bd6 Bg7 40. Ne7 Bf8 41. Nc8 Bxd6 42. Nxd6+ Kg6 43. Nc8 h5 44. Nxa7 hxg4+ 45. hxg4 Kf6 46. Nc6 Ke6 47. a4 Kd6 48. a5 bxa5 49. Nxa5 Nb6 50. Ke3 Kc7 51. Kd3 Nd7 52. Nc6 Kd6 53. Nd8 Ke7 54. Nc6+ Kd6 55. Ke3 Nb6 56. Na5 Kc7 57. Kd3 Nd7 58. Nc6 Kd6 59. Nd8 Ke7 60. Nb7 Ke6 61. Kc3 Ke7 62. Kb3 Ke6 63. Ka4 Nb6+ 64. Kb3 Nd7 65. Nd8+ Ke7 66. Nc6+ Kd6 67. Na5 Kc7 68. Nc6 Kd6 69. Na5 Kc7 70. Nc6 Kd6 71. Na5 Kc7 72. Nc6 Kd6 1/2-1/2

[Event "BRA Universities op"]
[Site "Goiania"]
[Date "2012.06.15"]
[Round "5"]
[White "Rabello, Felipe Botelho"]
[Black "Da Silva, Alexandre Mota"]
[Result "1-0"]
[WhiteElo "2034"]
[BlackElo "1801"]
[PlyCount "119"]
[EventDate "2012.06.13"]
[EventType "swiss"]
[EventRounds "7"]
[EventCountry "BRA"]
[SourceTitle "CBM 149 Extra"]
[Source "ChessBase"]
[SourceDate "2012.08.24"]
[SourceVersion "1"]
[SourceVersionDate "2012.08.24"]
[SourceQuality "1"]

1. e4 e5 2. Nf3 Nf6 3. Nxe5 d6 4. Nf3 Nxe4 5. Nc3 Nxc3 6. dxc3 Be7 7. Be3 Bg4 8. Be2 Nc6 9. Qd2 Qd7 10. h3 Bh5 11. 0-0-0 0-0-0 12. Qd5 Bg6 13. Bb5 a6 14. Ba4 Qf5 15. Qd2 Qe4 16. Bb3 Bf6 17. Ng5 Qe7 18. Rhe1 Qd7 19. f4 h6 20. Nf3 Be4 21. Bd5 Bxd5 22. Qxd5 g6 23. g4 Bg7 24. Bf2 Rde8 25. Qd3 Rxe1 26. Rxe1 Re8 27. Re4 Rxe4 28. Qxe4 Qe7 29. Qd3 Qf6 30. Qe3 Qe7 31. Kd2 Qxe3+ 32. Kxe3 Kd7 33. f5 g5 34. Ke4 Ne7 35. Bg3 Ng8 36. Bf2 Nf6+ 37. Kd3 Nd5 38. Bg3 Bf6 39. a3 b5 40. c4 bxc4+ 41. Kxc4 Ne3+ 42. Kd3 Nd5 43. c4 Ne7 44. b4 c6 45. Nd4 c5 46. bxc5 dxc5 47. Nb3 Kc6 48. Bf2 Bd4 49. Nxd4+ cxd4 50. Bxd4 Kd6 51. Ke4 Ng8 52. Bg7 f6 53. Kd4 Ke7 54. c5 Kf7 55. Bh8 Ne7 56. Kc4 Nc6 57. Kd5 Ne7+ 58. Kd6 Nc8+ 59. Kd7 Na7 60. a4 1-0

[Event "BRA Universities op"]
[Site "Goiania"]
[Date "2012.06.13"]
[Round "2"]
[White "Da Silva, Alexandre Mota"]
[Black "Scussel, Pedro Austregesilo"]
[Result "1/2-1/2"]
[WhiteElo "1801"]
[BlackElo "1783"]
[PlyCount "51"]
[EventDate "2012.06.13"]
[EventType "swiss"]
[EventRounds "7"]
[EventCountry "BRA"]
[SourceTitle "CBM 149 Extra"]
[Source "ChessBase"]
[SourceDate "2012.08.24"]
[SourceVersion "1"]
[SourceVersionDate "2012.08.24"]
[SourceQuality "1"]

1. d4 Nf6 2. Nf3 g6 3. c4 d5 4. Nc3 Bg7 5. e3 0-0 6. Be2 e6 7. 0-0 Re8 8. Qc2 c6 9. b4 dxc4 10. Bxc4 a6 11. a4 Nd5 12. Nxd5 exd5 13. Bd3 Qe7 14. Ba3 b5 15. a5 Bb7 16. Nd2 Nd7 17. Rfe1 f5 18. h3 Nf6 19. Nb3 Ne4 20. Bxe4 fxe4 21. Nc5 Bc8 22. Rac1 Qg5 23. Kh2 Bf8 24. Nb3 Bd7 25. Kh1 Bd6 26. Nc5 1/2-1/2

[Event "Goiania IRT"]
[Site "Goiania"]
[Date "2012.06.09"]
[Round "6"]
[White "Da Silva, Alexandre Mota"]
[Black "Silva, Gustavo Queiroz Dos"]
[Result "1-0"]
[WhiteElo "1801"]
[BlackElo "1928"]
[PlyCount "57"]
[EventDate "2012.06.07"]
[EventType "tourn"]
[EventRounds "9"]
[EventCountry "BRA"]
[SourceTitle "CBM 148 Extra"]
[Source "ChessBase"]
[SourceDate "2012.06.22"]
[SourceVersion "1"]
[SourceVersionDate "2012.06.22"]
[SourceQuality "1"]

1. d4 Nf6 2. Nf3 g6 3. c4 Bg7 4. Nc3 0-0 5. e3 d6 6. Be2 Nbd7 7. Qc2 e5 8. 0-0 c6 9. b4 Qe7 10. c5 d5 11. dxe5 Ng4 12. e4 dxe4 13. Bg5 Qe6 14. Nxe4 Ndxe5 15. Nd4 Qe8 16. Rad1 f6 17. Bf4 Qe7 18. Nd6 Kh8 19. Rfe1 Nh6 20. Bc4 g5 21. Bc1 g4 22. Bxh6 Bxh6 23. N4f5 Bxf5 24. Nxf5 Qc7 25. Nxh6 Nf3+ 26. gxf3 gxf3 27. Nf5 Rg8+ 28. Ng3 Qc8 29. Qc3 1-0

[Event "Goiania IRT"]
[Site "Goiania"]
[Date "2012.06.07"]
[Round "3"]
[White "Meirelles, Alexandre de Paula"]
[Black "Da Silva, Alexandre Mota"]
[Result "1-0"]
[WhiteElo "1906"]
[BlackElo "1801"]
[PlyCount "34"]
[EventDate "2012.06.07"]
[EventType "tourn"]
[EventRounds "9"]
[EventCountry "BRA"]
[SourceTitle "CBM 148 Extra"]
[Source "ChessBase"]
[SourceDate "2012.06.22"]
[SourceVersion "1"]
[SourceVersionDate "2012.06.22"]
[SourceQuality "1"]

1. c4 Nf6 2. g3 e6 3. Bg2 c5 4. Nf3 d5 5. cxd5 exd5 6. d4 Nc6 7. 0-0 cxd4 8. Nxd4 g6 9. Nc3 Bg7 10. Nxc6 bxc6 11. e4 Ba6 12. Re1 dxe4 13. Qa4 Bb7 14. Nxe4 0-0 15. Bg5 Re8 16. Nxf6+ Bxf6 17. Rxe8+ Qxe8 1-0

[Event "Goias zt"]
[Site "Itaborai"]
[Date "2012.04.22"]
[Round "6"]
[White "Da Silva, Alexandre Mota"]
[Black "Silva, Gustavo Queiroz Dos"]
[Result "1-0"]
[WhiteElo "1699"]
[BlackElo "1941"]
[PlyCount "53"]
[EventDate "2012.04.20"]
[EventType "swiss"]
[EventRounds "6"]
[EventCountry "BRA"]
[SourceTitle "CBM 148 Extra"]
[Source "ChessBase"]
[SourceDate "2012.06.22"]
[SourceVersion "1"]
[SourceVersionDate "2012.06.22"]
[SourceQuality "1"]

1. d4 Nf6 2. Nf3 e6 3. c4 c5 4. d5 b6 5. Nc3 exd5 6. cxd5 d6 7. e4 Nbd7 8. Bb5 Bb7 9. e5 dxe5 10. Nxe5 Qc7 11. 0-0 Bd6 12. Bxd7+ Nxd7 13. Nb5 Qb8 14. Nc6 Bxc6 15. dxc6 Bxh2+ 16. Kh1 Nf6 17. Re1+ Kf8 18. g3 Bxg3 19. fxg3 Qxg3 20. Qd6+ Qxd6 21. Nxd6 Ne8 22. Bf4 Nc7 23. Nf5 Nd5 24. Bd6+ Kg8 25. Rad1 Nf6 26. Ne7+ Kf8 27. c7 1-0

[Event "Goias zt"]
[Site "Itaborai"]
[Date "2012.04.21"]
[Round "3"]
[White "Da Silva, Alexandre Mota"]
[Black "Silva, Vitor De Souza Mart"]
[Result "1/2-1/2"]
[WhiteElo "1699"]
[BlackElo "1953"]
[PlyCount "116"]
[EventDate "2012.04.20"]
[EventType "swiss"]
[EventRounds "6"]
[EventCountry "BRA"]
[SourceTitle "CBM 148 Extra"]
[Source "ChessBase"]
[SourceDate "2012.06.22"]
[SourceVersion "1"]
[SourceVersionDate "2012.06.22"]
[SourceQuality "1"]

1. d4 d5 2. c4 e6 3. Nf3 f5 4. a3 Nf6 5. Nc3 c6 6. c5 Be7 7. Bf4 0-0 8. e3 Ne4 9. Bxb8 Rxb8 10. g3 Rf6 11. Bg2 h5 12. h4 Qc7 13. Ne5 Bxc5 14. Bxe4 fxe4 15. Qxh5 Bd6 16. Ng4 Rf5 17. Qg6 Kh8 18. Ne2 Qf7 19. h5 Bd7 20. Nf4 Re8 21. h6 Qxg6 22. Nxg6+ Kh7 23. N6e5 Re7 24. hxg7+ Kxg7 25. Rh2 Bxe5 26. Nxe5 Be8 27. g4 Rg5 28. Ke2 Kf8 29. Rh6 Reg7 30. Rxe6 Bf7 31. Rd6 Ke8 32. Rh1 a6 33. b4 Bg8 34. Rh8 Ke7 35. Rd7+ Kf8 36. Rd8+ Ke7 37. Rb8 Kd6 38. Rh6+ Kc7 39. Rf8 Kb6 40. a4 a5 41. b5 Rc7 42. f4 exf3+ 43. Kxf3 Rgg7 44. Rff6 Rh7 45. bxc6 Rxh6 46. Rxh6 bxc6 47. Kf4 Kb7 48. Rd6 c5 49. Rd7 Rxd7 50. Nxd7 c4 51. Nc5+ Kc6 52. g5 Bh7 53. e4 c3 54. e5 c2 55. Nb3 Kd7 56. Kg4 Bg6 57. Kf4 Ke6 58. Nc1 Be8 1/2-1/2

[Event "Fortaleza Brazil op 2nd"]
[Site "Fortaleza"]
[Date "2012.04.07"]
[Round "5"]
[White "Da Silva, Alexandre Mota"]
[Black "De Carvalho Machado, Fernando"]
[Result "1/2-1/2"]
[WhiteElo "1699"]
[BlackElo "1863"]
[PlyCount "34"]
[EventDate "2012.04.05"]
[EventType "swiss"]
[EventRounds "7"]
[EventCountry "BRA"]
[SourceTitle "CBM 147 Extra"]
[Source "ChessBase"]
[SourceDate "2012.04.24"]
[SourceVersion "1"]
[SourceVersionDate "2012.04.24"]
[SourceQuality "1"]

1. d4 Nf6 2. c4 d6 3. Nf3 Nbd7 4. Nc3 e5 5. Bg5 Be7 6. g3 c6 7. Bg2 h6 8. dxe5 dxe5 9. Bxf6 Bxf6 10. Ne4 0-0 11. Nxf6+ Qxf6 12. 0-0 a5 13. Nd2 Nc5 14. Ne4 Nxe4 15. Bxe4 Bh3 16. Bg2 Bg4 17. Qc2 Rfd8 1/2-1/2

[Event "BRA-ch Amateur"]
[Site "Goiania"]
[Date "2012.02.21"]
[Round "7"]
[White "Freitas, Vilmar Rosa de"]
[Black "Da Silva, Alexandre Mota"]
[Result "1-0"]
[WhiteElo "1761"]
[BlackElo "1809"]
[PlyCount "45"]
[EventDate "2012.02.18"]
[EventType "swiss"]
[EventRounds "7"]
[EventCountry "BRA"]
[SourceTitle "CBM 147 Extra"]
[Source "ChessBase"]
[SourceDate "2012.04.24"]
[SourceVersion "1"]
[SourceVersionDate "2012.04.24"]
[SourceQuality "1"]

1. e4 d5 2. exd5 Qxd5 3. Nc3 Qa5 4. d4 c6 5. h3 Bf5 6. Bd3 Bg6 7. Nf3 e6 8. 0-0 Bd6 9. Re1 Nf6 10. Ne2 Nbd7 11. Nf4 Qc7 12. g3 Nd5 13. Nxd5 cxd5 14. b3 Bxg3 15. c4 0-0-0 16. cxd5 exd5 17. Bg5 Qd6 18. Bxd8 Rxd8 19. Bxg6 fxg6 20. Qc2+ Kb8 21. fxg3 Qxg3+ 22. Qg2 Qf4 23. Qh2 1-0